Statistics for Stardew Valley Crops

Click here to take the quiz!

General Stats

  • This quiz has been taken 176 times
  • The average score is 24 of 41

Answer Stats

SeasonCrop% Correct
SpringParsnip
92%
FallPumpkin
90%
SpringCauliflower
89%
SpringPotato
89%
SummerCorn
88%
SummerMelon
87%
SummerBlueberry
86%
Spring/Summer/FallAncient Fruit
85%
Summer/FallWheat
84%
SpringGreen Bean
82%
SummerStarfruit
78%
SpringStrawberry
75%
SummerTomato
67%
Summer/FallSunflower
65%
FallGrape
63%
SummerHot Pepper
63%
SpringTulip
63%
FallSweet Gem Berry
60%
FallCranberries
59%
SummerHops
57%
SpringBlue Jazz
55%
SpringKale
55%
FallAmaranth
53%
FallFairy Rose
52%
Spring/SummerCoffee Bean
51%
FallYam
51%
SpringGarlic
50%
SummerRed Cabbage
50%
SummerPoppy
49%
FallBeet
48%
FallEggplant
46%
SummerRadish
43%
FallArtichoke
42%
SpringRhubarb
40%
Greenhouse OnlyCactus Fruit
39%
SummerPineapple
37%
SummerSummer Spangle
37%
FallBok Choy
31%
Spring/Summer/FallTea Leaves
27%
SummerTaro Root
26%
SpringRice (unmilled)
1%

Score Distribution

Percentile by Number Answered

Percent of People with Each Score

Your Score History

You have not taken this quiz